000 01644nam a22002897a 4500
999 _c59772
_d59772
003 Ge_BSU
005 20230412120818.0
008 230412s2005 ge ||||| |||| 00| 0 geo d
020 _a999405130X
041 _ageo
080 _a94(479.22)"04/14" ჯ-14
100 _aჯავახია, ბეჟან
_99110
245 _aანტიკურობიდან შუა საუკუნეებისაკენ :
_b(დასავლეთ ევროპა, ბიზანტია, საქართველო) /
_cბეჟან ჯავახია ; [რედ.: ნინო ჩიქოვანი].
264 _aთბილისი :
_bუნივერსალი,
_c2005.
300 _a179 გვ. :
_bილ. ;
_c20 სმ.
490 _aსაქართველო ევროპულ სამყაროში
504 _aბიბლიოგრ. ტექსტ. შენიშვნ. და გვ. 154-170.
520 _aრეზ. ინგლ. ენ.
653 _aსაქართველოს შუა საუკუნეების ისტორი
653 _aბიზანტიის ისტორია
653 _aევროპის შუასაუკუნეების ისტორია
653 _aრომის ისტორია
653 _aცივილიზაციის ისტორია
653 _aქრისტიანული ცივილიზაციის ისტორია
700 _aჩიქოვანი, ნინო
_eრედაქტორი
_917631
942 _2udc
_cBK